[Event "Sao Paulo Schutt Cup"]
[Site "Sao Paulo"]
[Date "2019.09.13"]
[Round "1"]
[White "Haraguchi, Diego Sashaki"]
[Black "Zmetek, Marcos Simao"]
[Result "1-0"]
[WhiteElo "1704"]
[BlackElo "1327"]
[PlyCount "61"]
[EventDate "2019.09.13"]
[EventType "swiss"]
[EventRounds "6"]
[EventCountry "BRA"]
[SourceTitle "EXT 2020"]
[Source "ChessBase"]
[SourceDate "2019.10.17"]
[SourceVersion "1"]
[SourceVersionDate "2019.10.17"]
[SourceQuality "1"]

1. d4 d5 2. c4 dxc4 3. Nc3 e5 4. d5 Nf6 5. e4 b5 6. Nxb5 Nxe4 7. Nc3 Qh4 8. Be3 Nxc3 9. bxc3 Bd6 10. Nf3 Qe7 11. Bxc4 Nd7 12. 0-0 Nb6 13. Bb5+ Bd7 14. Be2 0-0 15. a4 a5 16. c4 Rfe8 17. Qc2 Bc5 18. Ng5 g6 19. Bxc5 Qxc5 20. Ne4 Qe7 21. Rfd1 f5 22. d6 cxd6 23. Nxd6 Red8 24. c5 Nc8 25. Nb7 Rf8 26. c6 Be6 27. Bc4 Bxc4 28. Qxc4+ Kh8 29. Rd7 Qb4 30. Qb5 Na7 31. Qxe5+ 1-0

[Event "Sao Paulo Schutt Cup"]
[Site "Sao Paulo"]
[Date "2019.09.13"]
[Round "2"]
[White "Zmetek, Marcos Simao"]
[Black "Parijos de Melo, Luiz Claudio"]
[Result "0-1"]
[WhiteElo "1327"]
[BlackElo "1649"]
[PlyCount "118"]
[EventDate "2019.09.13"]
[EventType "swiss"]
[EventRounds "6"]
[EventCountry "BRA"]
[SourceTitle "EXT 2020"]
[Source "ChessBase"]
[SourceDate "2019.10.17"]
[SourceVersion "1"]
[SourceVersionDate "2019.10.17"]
[SourceQuality "1"]

1. e4 c5 2. c3 d5 3. e5 Bf5 4. d4 e6 5. Nf3 h6 6. Bd3 Bxd3 7. Qxd3 Nc6 8. 0-0 Nge7 9. dxc5 Ng6 10. Re1 Bxc5 11. b4 Be7 12. b5 Nb8 13. g3 0-0 14. Ba3 Nd7 15. Bxe7 Qxe7 16. Nbd2 Rac8 17. Nb3 Rc7 18. Rac1 Rfc8 19. h4 Qa3 20. Rc2 Rc4 21. h5 Ne7 22. Nfd4 Nc5 23. Nxc5 Rxd4 24. Qxd4 Rxc5 25. Rb1 Rc4 26. Qd2 Re4 27. Re1 Rg4 28. Qd1 Qa4 29. Rb2 Qf4 30. Rb4 Rxg3+ 31. fxg3 Qxg3+ 32. Kf1 Qh3+ 33. Ke2 Qxc3 34. Qd4 Qc2+ 35. Qd2 Qf5 36. Qe3 Qxh5+ 37. Qf3 Qxe5+ 38. Kd2 Qg5+ 39. Kc2 Nf5 40. Re5 Nd4+ 41. Rxd4 Qxe5 42. Qc3 Qe2+ 43. Kb3 Qxb5+ 44. Rb4 Qd7 45. Qc5 b6 46. Qb5 Qxb5 47. Rxb5 h5 48. Kc3 g5 49. Rb1 h4 50. Kd4 f6 51. Rc1 h3 52. Ke3 Kg7 53. Kf3 f5 54. Rc7+ Kf6 55. Rh7 d4 56. Kg3 g4 57. Rd7 Ke5 58. Rc7 d3 59. Rc1 Kd4 0-1

[Event "Sao Paulo Karman Cup"]
[Site "Sao Paulo"]
[Date "2019.08.18"]
[Round "5"]
[White "Zmetek, Marcos Simao"]
[Black "Nobre, Jose Adalberto Barb"]
[Result "1/2-1/2"]
[WhiteElo "1289"]
[BlackElo "1603"]
[PlyCount "48"]
[EventDate "2019.08.16"]
[EventType "swiss"]
[EventRounds "6"]
[EventCountry "BRA"]
[SourceTitle "EXT 2021"]
[Source "ChessBase"]
[SourceDate "2020.10.23"]
[SourceVersion "1"]
[SourceVersionDate "2020.10.23"]
[SourceQuality "1"]

1. e4 c5 2. c3 g6 3. d4 cxd4 4. cxd4 d5 5. e5 Bg7 6. Bb5+ Nc6 7. Nf3 Bg4 8. 0-0 e6 9. h3 Bxf3 10. Qxf3 Nge7 11. Be3 0-0 12. Nd2 Qb6 13. Bxc6 Nxc6 14. Nb3 Rfc8 15. Rfd1 Nb4 16. Bf4 Rc2 17. Bc1 Rac8 18. a3 Na6 19. Rd2 Rxd2 20. Bxd2 Qb5 21. Rc1 Rxc1+ 22. Bxc1 Qc4 23. Qc3 Qxc3 24. bxc3 Nc7 1/2-1/2

[Event "Hebraica op 26th"]
[Site "Hebraica"]
[Date "2019.01.13"]
[Round "5"]
[White "Zmetek, Marcos Simao"]
[Black "Usui, Gabriella Yumi"]
[Result "1/2-1/2"]
[WhiteElo "1307"]
[BlackElo "1191"]
[PlyCount "68"]
[EventDate "2019.01.11"]
[EventType "swiss"]
[EventRounds "6"]
[EventCountry "BRA"]
[SourceTitle "EXT 2020"]
[Source "ChessBase"]
[SourceDate "2019.10.17"]
[SourceVersion "1"]
[SourceVersionDate "2019.10.17"]
[SourceQuality "1"]

1. e4 c5 2. c3 Nc6 3. d4 e6 4. Nf3 d5 5. e5 b6 6. Be2 Bb7 7. 0-0 Nge7 8. Bf4 g6 9. Na3 a6 10. Nc2 Bg7 11. Qd2 0-0 12. Bh6 c4 13. Bxg7 Kxg7 14. Qf4 Nf5 15. Ne3 Nxe3 16. Qxe3 Ne7 17. Qf4 Nf5 18. Bd1 b5 19. Bc2 h6 20. Bxf5 exf5 21. Rfe1 Bc8 22. Re2 g5 23. Qd2 f4 24. Ne1 a5 25. Nc2 Be6 26. h3 Qe7 27. Qd1 f3 28. Re3 fxg2 29. Kxg2 f5 30. Qh5 Bf7 31. Qf3 Be6 32. Qh5 Bf7 33. Qf3 Be6 34. Qh5 Bf7 1/2-1/2

[Event "Homs Xeque Mate op"]
[Site "Sao Paulo"]
[Date "2018.10.27"]
[Round "2"]
[White "Sakano, Luiz Hideki Contare"]
[Black "Zmetek, Marcos Simao"]
[Result "0-1"]
[WhiteElo "1780"]
[BlackElo "1343"]
[PlyCount "74"]
[EventDate "2018.10.27"]
[EventType "swiss"]
[EventRounds "5"]
[EventCountry "BRA"]
[SourceTitle "CBM 187 Extra"]
[Source "ChessBase"]
[SourceDate "2018.11.04"]
[SourceVersion "1"]
[SourceVersionDate "2018.11.04"]
[SourceQuality "1"]

1. d4 d5 2. Nf3 e6 3. Bf4 Bd6 4. e3 Bxf4 5. exf4 Nf6 6. Nbd2 0-0 7. Bd3 Nc6 8. 0-0 Nb4 9. a3 Nxd3 10. cxd3 b6 11. Ne5 Bb7 12. g4 Nd7 13. g5 f6 14. Qh5 fxe5 15. Nf3 Qe8 16. Qh4 Rxf4 17. Qh3 Qf7 18. Nh4 Re8 19. f3 Qh5 20. Qg2 Qxh4 21. h3 Rf5 22. Qg4 Rxg5 23. Kh2 Rxg4 24. fxg4 Nf6 25. Rac1 Nxg4+ 26. Kg2 Ne3+ 27. Kf3 Nxf1 28. Rxf1 Rf8+ 29. Ke2 Rxf1 30. Kxf1 Qxh3+ 31. Ke2 Ba6 32. Kf2 Bxd3 33. b4 Be4 34. a4 Qf3+ 35. Ke1 Bd3 36. Kd2 Qe2+ 37. Kc3 Qc2# 0-1

[Event "Homs Xeque Mate op"]
[Site "Sao Paulo"]
[Date "2018.10.27"]
[Round "1"]
[White "Zmetek, Marcos Simao"]
[Black "Nobre, Jailson Altair Barb"]
[Result "0-1"]
[WhiteElo "1343"]
[BlackElo "1704"]
[PlyCount "78"]
[EventDate "2018.10.27"]
[EventType "swiss"]
[EventRounds "5"]
[EventCountry "BRA"]
[SourceTitle "CBM 187 Extra"]
[Source "ChessBase"]
[SourceDate "2018.11.04"]
[SourceVersion "1"]
[SourceVersionDate "2018.11.04"]
[SourceQuality "1"]

1. e4 c5 2. c3 d5 3. e5 e6 4. d4 cxd4 5. cxd4 Nc6 6. Nf3 a6 7. a3 Nge7 8. Bd3 Qb6 9. Be2 Nf5 10. b4 Nfxd4 11. Bb2 Nxf3+ 12. Bxf3 Be7 13. 0-0 0-0 14. Nc3 Qc7 15. Ne2 Nxe5 16. Ng3 Bf6 17. Rc1 Nxf3+ 18. Qxf3 Qe7 19. Rc2 Bxb2 20. Rxb2 Bd7 21. Nh5 Qg5 22. Nf4 Bc6 23. Nd3 d4 24. Qh3 Bb5 25. f4 Qd5 26. Re1 Bxd3 27. Qxd3 Rac8 28. Re4 Rc3 29. Qxd4 Qxd4+ 30. Rxd4 Rxa3 31. Rd7 b5 32. Ra7 Ra4 33. Kf2 h6 34. Ke3 Rd8 35. Ke4 Rd5 36. g4 Rc5 37. Ke3 Rc4 38. h4 Ra3+ 39. Kf2 Rxf4+ 0-1

[Event "BRA-ch Amateur U1600"]
[Site "Sao Paulo"]
[Date "2018.05.31"]
[Round "1"]
[White "Zmetek, Marcos Simao"]
[Black "Gomes, Genildo de Souza"]
[Result "0-1"]
[WhiteElo "1347"]
[BlackElo "1586"]
[PlyCount "28"]
[EventDate "2018.05.31"]
[EventType "swiss"]
[EventRounds "7"]
[EventCountry "BRA"]
[SourceTitle "EXT 2021"]
[Source "ChessBase"]
[SourceDate "2020.10.23"]
[SourceVersion "1"]
[SourceVersionDate "2020.10.23"]
[SourceQuality "1"]

1. e4 d6 2. Nf3 Nf6 3. Nc3 g6 4. Bc4 Bg7 5. 0-0 0-0 6. d4 Nfd7 7. Be3 h6 8. Qd2 Kh7 9. d5 c5 10. Nh4 Ne5 11. Be2 a6 12. f4 Ng4 13. f5 Nxe3 14. Qxe3 Bd4 0-1

[Event "Sao Paulo Salles Cup 12th"]
[Site "Sao Paulo"]
[Date "2018.04.20"]
[Round "2"]
[White "Dias, Joao Batista de Sou"]
[Black "Zmetek, Marcos Simao"]
[Result "1-0"]
[WhiteElo "1844"]
[BlackElo "1374"]
[PlyCount "43"]
[EventDate "2018.04.20"]
[EventType "swiss"]
[EventRounds "6"]
[EventCountry "BRA"]
[SourceTitle "CBM 184 Extra"]
[Source "ChessBase"]
[SourceDate "2018.06.28"]
[SourceVersion "1"]
[SourceVersionDate "2018.06.28"]
[SourceQuality "1"]

1. e4 e5 2. Nf3 Nc6 3. Bc4 Bc5 4. 0-0 Nf6 5. d3 d5 6. exd5 Nxd5 7. Re1 Bg4 8. Nc3 Nf6 9. Nxe5 Bxf2+ 10. Kxf2 Qd4+ 11. Be3 Bxd1 12. Bxd4 Nxd4 13. Nxf7+ Kd7 14. Ne5+ Kc8 15. Raxd1 Nxc2 16. Re2 Nd4 17. Re3 Rf8 18. Kg1 c5 19. h3 Kc7 20. Ng4 Nxg4 21. hxg4 Rf4 22. Nd5+ 1-0

[Event "Sao Paulo op-C U1700 7th"]
[Site "Sao Paulo"]
[Date "2018.03.31"]
[Round "3"]
[White "Flores, Clarice Soares Leit"]
[Black "Zmetek, Marcos Simao"]
[Result "0-1"]
[WhiteElo "1340"]
[BlackElo "1374"]
[PlyCount "126"]
[EventDate "2018.03.30"]
[EventType "swiss"]
[EventRounds "6"]
[EventCountry "BRA"]
[SourceTitle "EXT 2021"]
[Source "ChessBase"]
[SourceDate "2020.10.23"]
[SourceVersion "1"]
[SourceVersionDate "2020.10.23"]
[SourceQuality "1"]

1. d4 d5 2. Bf4 e6 3. e3 Nf6 4. c3 c5 5. Nd2 Nc6 6. Ngf3 Bd6 7. Bg3 0-0 8. Bd3 cxd4 9. exd4 Qe7 10. Ne5 Nd7 11. f4 Ndxe5 12. fxe5 Bc7 13. 0-0 f6 14. exf6 Rxf6 15. Rxf6 gxf6 16. Qg4+ Kh8 17. Bxc7 Qxc7 18. Qh4 Qg7 19. Rf1 f5 20. Re1 Bd7 21. Re3 Rf8 22. Rg3 Qf6 23. Rg8+ Kxg8 24. Qxf6 Rxf6 25. Nf3 h6 26. Bb5 a6 27. Bxc6 Bxc6 28. Ne5 Kh7 29. b3 h5 30. Kf2 f4 31. Kf3 Be8 32. c4 dxc4 33. bxc4 Bc6+ 34. Kf2 Rf8 35. Nxc6 bxc6 36. Kf3 Kg6 37. Ke4 Rf5 38. h3 Kg5 39. h4+ Kg4 40. a3 Kg3 41. d5 cxd5+ 42. cxd5 exd5+ 43. Kxf5 Kxh4 44. Kxf4 d4 45. g3+ Kh3 46. Kf3 d3 47. g4 hxg4+ 48. Ke3 g3 49. Kxd3 g2 50. Kc4 g1Q 51. a4 Qb6 52. Kc3 a5 53. Kc4 Qb4+ 54. Kd5 Qxa4 55. Kc5 Qb4+ 56. Kc6 a4 57. Kc7 a3 58. Kc6 a2 59. Kc7 Qd4 60. Kc8 a1R 61. Kb7 Rc1 62. Ka6 Qb2 63. Ka7 Ra1# 0-1

[Event "Hebraica op 25th"]
[Site "Hebraica"]
[Date "2018.01.14"]
[Round "5"]
[White "Riboldi, Mario Garcia"]
[Black "Zmetek, Marcos Simao"]
[Result "1-0"]
[WhiteElo "1613"]
[BlackElo "1388"]
[PlyCount "39"]
[EventDate "2018.01.12"]
[EventType "swiss"]
[EventRounds "6"]
[EventCountry "BRA"]
[SourceTitle "CBM 182 Extra"]
[Source "ChessBase"]
[SourceDate "2018.02.23"]
[SourceVersion "1"]
[SourceVersionDate "2018.02.23"]
[SourceQuality "1"]

1. d4 d5 2. c4 dxc4 3. Nc3 e5 4. e3 exd4 5. Qxd4 Qxd4 6. exd4 Nf6 7. Bxc4 Bf5 8. Nf3 Be7 9. 0-0 0-0 10. Re1 Bd6 11. Bg5 Nbd7 12. Nb5 Ne4 13. Nxd6 Nxg5 14. Nxf5 Nxf3+ 15. gxf3 Rfe8 16. Re3 Kf8 17. Rae1 Nf6 18. Rxe8+ Rxe8 19. Rxe8+ Kxe8 20. Nxg7+ 1-0

[Event "Hebraica op 25th"]
[Site "Hebraica"]
[Date "2018.01.13"]
[Round "3"]
[White "Zmetek, Marcos Simao"]
[Black "Ferreira, Fernando Goncalves"]
[Result "1-0"]
[WhiteElo "1388"]
[BlackElo "1800"]
[PlyCount "123"]
[EventDate "2018.01.12"]
[EventType "swiss"]
[EventRounds "6"]
[EventCountry "BRA"]
[SourceTitle "CBM 182 Extra"]
[Source "ChessBase"]
[SourceDate "2018.02.23"]
[SourceVersion "1"]
[SourceVersionDate "2018.02.23"]
[SourceQuality "1"]

1. e4 c5 2. Nf3 Nc6 3. Bd3 g6 4. 0-0 Bg7 5. c3 Nf6 6. Bc2 0-0 7. d4 cxd4 8. cxd4 d5 9. e5 Ng4 10. h3 Nh6 11. Be3 Nf5 12. Bf4 a6 13. Qd2 b5 14. g4 Nfxd4 15. Nxd4 Na5 16. b3 Bd7 17. Re1 Nb7 18. b4 Qc7 19. e6 Qc4 20. Na3 Qxd4 21. Qxd4 Bxd4 22. Rad1 fxe6 23. Rxd4 Nd6 24. Bh6 Rf3 25. Rd3 Rf6 26. Bd1 Rc8 27. Be2 Nf7 28. Be3 Bc6 29. Bc5 Re8 30. Nc2 e5 31. f3 g5 32. Ne3 Rh6 33. Kh2 d4 34. Nf5 Re6 35. Bd1 Nd6 36. Bb3 Nc4 37. Nxd4 exd4 38. Rxe6 Rf8 39. Rxc6 Kh8 40. Bxd4+ Kg8 41. Bxc4+ bxc4 42. Rxc4 Rd8 43. Rcc3 Kf7 44. Be3 Rb8 45. a3 h6 46. Rc6 a5 47. Rxh6 axb4 48. axb4 Rxb4 49. Rh7+ Kg6 50. Rxe7 Rb2+ 51. Kg3 Kf6 52. Bxg5+ Kxg5 53. Rd5+ Kf6 54. Rc7 Rb6 55. Rh5 Kg6 56. f4 Rb3+ 57. Kh4 Rb4 58. Rc6+ Kg7 59. Rhc5 Rxf4 60. Rc7+ Rf7 61. Rxf7+ Kxf7 62. Kg3 1-0

[Event "Sao Paulo op-C U1700 6th"]
[Site "Sao Paulo"]
[Date "2017.04.14"]
[Round "1"]
[White "Lourenco dos Santos, Paulo Rogerio"]
[Black "Zmetek, Marcos Simao"]
[Result "1-0"]
[WhiteElo "1637"]
[BlackElo "1384"]
[PlyCount "75"]
[EventDate "2017.04.14"]
[EventType "swiss"]
[EventRounds "6"]
[EventCountry "BRA"]
[SourceTitle "EXT 2019"]
[Source "ChessBase"]
[SourceDate "2018.10.10"]
[SourceVersion "1"]
[SourceVersionDate "2018.10.10"]
[SourceQuality "1"]

1. d4 d5 2. Bf4 e6 3. e3 Nf6 4. Nf3 c5 5. c3 Nc6 6. Be2 Be7 7. 0-0 0-0 8. h3 c4 9. Nbd2 Nh5 10. Bh2 Nf6 11. Qc2 Bd6 12. Ne5 Bxe5 13. dxe5 Nd7 14. f4 b5 15. Nf3 h6 16. Kh1 Nc5 17. Rad1 Ne4 18. Nd2 Nxd2 19. Rxd2 Qb6 20. Bg1 Qd8 21. e4 Ne7 22. Bf3 Bb7 23. Rfd1 Qd7 24. Bc5 Rfd8 25. Bxe7 Qxe7 26. exd5 exd5 27. Bxd5 Bxd5 28. Rxd5 Rxd5 29. Rxd5 Qh4 30. Qd2 a6 31. Kh2 Kf8 32. Rd7 Ke8 33. g3 Qh5 34. g4 Qg6 35. Rd6 Qe4 36. Kg3 Qb1 37. Rd7 Qxa2 38. Qd5 1-0

[Event "Sao Paulo Salles Cup 11th"]
[Site "Sao Paulo"]
[Date "2017.03.25"]
[Round "4"]
[White "Nobre, Jailson Altair Barb"]
[Black "Zmetek, Marcos Simao"]
[Result "1-0"]
[WhiteElo "1750"]
[BlackElo "1373"]
[PlyCount "41"]
[EventDate "2017.03.24"]
[EventType "swiss (blitz)"]
[EventRounds "6"]
[EventCountry "BRA"]
[SourceTitle "CBM 177 Extra"]
[Source "ChessBase"]
[SourceDate "2017.04.27"]
[SourceVersion "1"]
[SourceVersionDate "2017.04.27"]
[SourceQuality "1"]

1. e4 e5 2. Nf3 Nc6 3. Bb5 a6 4. Ba4 Nf6 5. 0-0 b5 6. Bb3 d6 7. h3 Be7 8. Re1 0-0 9. c3 Be6 10. Bc2 Qd7 11. Ng5 Nd8 12. d4 Qc8 13. Nxe6 Nxe6 14. d5 Nf4 15. Bxf4 exf4 16. Qf3 g5 17. e5 Ne8 18. Qh5 f5 19. exf6 Nxf6 20. Qxg5+ Kh8 21. Rxe7 1-0

[Event "Paulista-ch"]
[Site "Sao Paulo"]
[Date "2016.11.??"]
[Round "4"]
[White "Zmetek, Marcos Simao"]
[Black "Nobre, Jose Adalberto Barb"]
[Result "0-1"]
[WhiteElo "1413"]
[BlackElo "1650"]
[PlyCount "36"]
[EventDate "2016.11.09"]
[EventType "swiss"]
[EventRounds "6"]
[EventCountry "BRA"]
[SourceTitle "EXT 2022"]
[Source "ChessBase"]
[SourceDate "2021.10.06"]
[SourceVersion "1"]
[SourceVersionDate "2021.10.06"]
[SourceQuality "1"]

1. e4 c5 2. Nf3 g6 3. Bd3 Nc6 4. 0-0 Bg7 5. c3 d6 6. Bc2 Nf6 7. d4 cxd4 8. cxd4 0-0 9. a3 Bg4 10. d5 Ne5 11. Nbd2 Rc8 12. Re1 Qc7 13. Ba4 Qa5 14. b4 Qa6 15. Bb3 Nd3 16. Re3 Nxd5 17. exd5 Bxa1 18. h3 Rxc1 0-1

[Event "Sao Paulo Schutt Cup 10th"]
[Site "Sao Paulo"]
[Date "2016.10.28"]
[Round "1"]
[White "Zmetek, Marcos Simao"]
[Black "Jenidarchiche, Douglas Rodrigo"]
[Result "0-1"]
[WhiteElo "1413"]
[BlackElo "1808"]
[PlyCount "52"]
[EventDate "2016.10.28"]
[EventType "swiss"]
[EventRounds "6"]
[EventCountry "BRA"]
[SourceTitle "CBM 175 Extra"]
[Source "ChessBase"]
[SourceDate "2016.12.12"]
[SourceVersion "1"]
[SourceVersionDate "2016.12.12"]
[SourceQuality "1"]

1. e4 d6 2. Nf3 Nf6 3. Nc3 Nbd7 4. Bc4 h6 5. 0-0 e5 6. d4 c6 7. h3 Be7 8. Be3 b5 9. Bd3 a6 10. a3 Qc7 11. Ne2 c5 12. c3 Nf8 13. Ng3 g5 14. Nh2 Ng6 15. Qf3 c4 16. Bc2 Nf4 17. Bxf4 gxf4 18. Nh5 Rg8 19. Nxf6+ Bxf6 20. dxe5 dxe5 21. Rad1 Be6 22. Qh5 Rg6 23. Kh1 Ke7 24. Nf3 Rag8 25. Rg1 Qc5 26. Nh2 Qxf2 0-1